000
00280nam a22001337a 4500
008
171010b xxu||||| |||| 00| 0 eng d
020
_a
087722191
041
_a
eng
080
_a
316
100
_a
50
101
_a
SOC
245
_a
IMIGRANT WOMEN
_c
SELLER.S
942
_2
udc
_c
BK
999
_c
32760
_d
32760